| 000 | 00995nam a2200325 4500 | ||
|---|---|---|---|
| 003 | DO-SdBNP | ||
| 005 | 20220202110056.0 | ||
| 007 | ta | ||
| 008 | 220202b2019 |a||e |||| 001 0dspa d | ||
| 020 | _a97899933445289 | ||
| 040 |
_aDO-SdBNP _bspa _cBNPHU |
||
| 082 | 4 | _bG216d | |
| 100 | 0 |
_96 _aGarcía Molina, Bartolo |
|
| 245 | 1 | 0 |
_aEl discurso : _bcategorías y estrategias / |
| 250 | _a2da. | ||
| 260 |
_aSanto Domingo : _bSurco, _c2019. |
||
| 300 |
_a284 p. : _bil., fot. ; _c23 cm |
||
| 500 | _aIncluye índice. | ||
| 501 | _aIncluye datos biográficos del autor, en la solapa de la portada del libro. | ||
| 504 | _aBibliografía : p. 271-283. | ||
| 505 | _a | ||
| 590 | _aInventariado, 2022 / SA | ||
| 650 | 4 |
_aAnálisis del discurso. _981093 |
|
| 650 | 4 |
_aPragmática _981094 |
|
| 650 | 4 |
_aRetórica _981095 |
|
| 650 | 4 |
_aRedacción de escritos técnicos _981096 |
|
| 700 |
_976199 _aBrea, Gregoria _eRevisión y corrección |
||
| 910 | _aSaquino | ||
| 942 |
_2ddc _cLBS1 |
||
| 999 |
_c51305 _d51305 |
||